Human rights in the 21st century /

Na minha lista:
Detalhes bibliográficos
Formato: Livro
Publicado em: Jaipur : Rawat publication, 2008.
Assuntos:
Tags: Adicionar Tag
Sem tags, seja o primeiro a adicionar uma tag!

MARC

LEADER 00000cam a22000004a 4500
020 |a 9788131601297  |c TZS 27,998.744 
040 |a MUL  |b eng.  |e AACR 
082 0 0 |a 341.48 HUM 
245 1 0 |a Human rights in the 21st century /  |c edited by Mohammad Shabbir 
260 |a Jaipur :  |b Rawat publication,  |c 2008. 
300 |a xxviii, 418 p. ;  |c 24 cm. 
504 |a Includes bibliographical references (p. [375]-400) and index. 
546 |a eng. 
650 0 |a Human rights 
942 |c BK 
999 |c 9860  |d 9860